书目信息 |
| 题名: |
学前心理学
|
|
| 作者: | 陈帼眉 主编 | |
| 分册: | ||
| 出版信息: | 北京 北京师范大学出版社 2000.6 |
|
| 页数: | 499页 | |
| 开本: | 24cm | |
| 丛书名: | ||
| 单 册: | ||
| 中图分类: | B844.12 | |
| 科图分类: | ||
| 主题词: | 学前儿童--心理学 | |
| 电子资源: | ||
| ISBN: | 978-7-303-05429-9 | |
| 000 | 00701nam0 2200241 45 | |
| 001 | 1338860828 | |
| 005 | 20130513163309.96 | |
| 010 | 0 | @a978-7-303-05429-9@dCNY21.50 |
| 100 | 1 | @a20130108d2010 em y0chiy0121 ea |
| 101 | 0 | @achi |
| 102 | 0 | @aCN@b110000 |
| 105 | @ay z 000yy | |
| 106 | 1 | @ar |
| 200 | @a学前心理学@AXue Qian Xin Li Xue@f陈帼眉主编@FChen Guo Mei Zhu Bian | |
| 210 | 0 | @a北京@c北京师范大学出版社@d2000.6 |
| 215 | 0 | @a499页@d24cm |
| 300 | @a全国高等教育自学考试制定教材 | |
| 330 | @a本书主要写了学前心理学 | |
| 606 | 0 | @a学前儿童@x心理学 |
| 690 | @aB844.12@v5 | |
| 701 | 0 | @a陈帼眉@AChen Guo Mei@4主编 |
| 801 | @aCN@bTANGWEI@c20130108 | |
| 905 | @b0828806-10@dB844.12@e1123@f5 | |
| 学前心理学/陈帼眉主编.-北京:北京师范大学出版社,2000.6 |
| 499页;24cm |
| 全国高等教育自学考试制定教材 |
| ISBN 978-7-303-05429-9:CNY21.50 |
| 本书主要写了学前心理学 |
| ● |
| 相关链接 |
|
|
|
|
正题名:学前心理学
索取号:B844.12/1123
 
预约/预借
| 序号 | 登录号 | 条形码 | 馆藏地/架位号 | 状态 | 备注 |
| 1 | 0828806 | 208288066 | 第一样本阅览室/ [索取号:B844.12/1123] | 在馆 | |
| 2 | 0828807 | 208288075 | 第一借阅区/ [索取号:B844.12/1123] | 在馆 | |
| 3 | 0828808 | 208288084 | 教育系资料室/ [索取号:B844.12/1123] | 在馆 | |
| 4 | 0828809 | 208288093 | 教育系资料室/ [索取号:B844.12/1123] | 在馆 | |
| 5 | 0828810 | 208288100 | 教育系资料室/ [索取号:B844.12/1123] | 在馆 |